000
00219 a2200097 4500
001
44258
100
_a
Rap
245
_a
Experimental Radio Engineering
260
_a
London
_b
Pitman & Sons Ltd
_c
090
_c
28002
_d
28002
942
_a
NUST-CAE
_c
M
_c
20006
999
_c
279331
_d
279331